000 02065nam0a2200385 4500
001 RU\NLR\bibl\1074790
005 20250615044451.0
010 _a5-370-00114-6
010 _a978-5-370-00114-7
_93000
021 _aRU
_b2007-15769
_9840
035 _a(nilc)RSL-KNO-003081743
035 _aEL/0000101181
035 _a(NLR Aleph) 001061994
090 _a944497
_c944497
100 _a20070115d2007 |||y0rusy50 ca
101 0 _arus
102 _aRU
105 _ay zzzz|||||
200 1 _aСчет 25 "Общепроизводственные расходы"
_eбухгалтерский учет и налогообложение
_e[расходы по содержанию машин и оборудования, расходы на ремонт основных средств и иного имущества, используемого в пр-ве, расходы на отопление, освещение и содержание помещений, амортизационные отчисления]
_eпрактическое пособие
_fВ. Р. Захарьин
210 _aМосква
_cОМЕГА-Л
_d2007
215 _a39, [1] с.
_cтабл.
_d20
225 1 _aВсе счета бухгалтерского учета
606 1 _aЗатраты на производство
_jПрактические пособия
_xУчет
_yРоссийская Федерация
_92192059
_3RU\NLR\auth\661317658
610 0 _aЭкономика -- Учет -- Российская Федерация -- Бухгалтерский учет -- Учет издержек производства -- Пособие для специалистов
686 _aУ052.9(2)20-148.6,07
_2rubbk
686 _aУ052.9(2)2-148.611я7
700 1 _aЗахарьин
_bВ. Р.
_gВладимир Реонадович
_4070
801 0 _aRU
_bNLR
_c20070115
_grcr
801 1 _aRU
_bNLR
_c20070115
801 1 _aRU
_bРГБ
_c20070115
801 2 _aRU
_bNLR
_c20070418
_grcr
830 _aавт. по кн.
942 _cBOOK
980 _aNB